Antropologicko-psychologicko-sociální aspekty podpory zdraví a výchovy ke zdraví /
| Korporativní autor: | Univerzita Palackého. Pedagogická fakulta |
|---|---|
| Další autoři: | Kopecký, Miroslav, Kikalová, Kateřina, 1968-, Tomanová, Jitka |
| Jazyk: | Slovenština Polština Čeština Angličtina |
| Vydáno: |
Olomouc : Univerzita Palackého v Olomouci, 2013 |
| Vydání: | 1. vyd. |
| Edice: |
Sborník
|
| Témata: | |
| Externí odkaz: |
Digitalizovaný dokument
|
| Fyzický popis: |
517 s. : il. ; 21 cm |
| Language note: |
Část. anglický, polský a slovenský text, anglická resumé |
| LEADER | 02402nam a2200589 a 4500 | ||
|---|---|---|---|
| 001 | nkc20132486558 | ||
| 003 | CZ PrNK | ||
| 005 | 20161112235011.0 | ||
| 007 | ta | ||
| 008 | 130910s2013 xr a f 000 0 cze | ||
| 015 | |a cnb002486558 | ||
| 020 | |a 978-80-244-3472-8 |q (brož.) : |c neprodejné | ||
| 035 | |a (OCoLC)859739880 | ||
| 040 | |a ABA001 |b cze | ||
| 041 | 0 | |a cze |a eng |a pol |a slo |b eng | |
| 072 | 7 | |a 613 |x Hygiena. Lidské zdraví |2 Konspekt |9 14 | |
| 080 | |a 613:37.03 |2 MRF | ||
| 080 | |a 613 |2 MRF | ||
| 080 | |a 613/614 |2 MRF | ||
| 080 | |a 159.9 |2 MRF | ||
| 080 | |a 304 |2 MRF | ||
| 080 | |a (062.534) |2 MRF | ||
| 245 | 0 | 0 | |a Antropologicko-psychologicko-sociální aspekty podpory zdraví a výchovy ke zdraví / |c [editoři] Miroslav Kopecký, Kateřina Kikalová, Jitka Tomanová |
| 250 | |a 1. vyd. | ||
| 260 | |a Olomouc : |b Univerzita Palackého v Olomouci, |c 2013 | ||
| 300 | |a 517 s. : |b il. ; |c 21 cm | ||
| 490 | 1 | |a Sborník | |
| 500 | |a Nad názvem: Univerzita Palackého v Olomouci, Pedagogická fakulta | ||
| 504 | |a Obsahuje bibliografie | ||
| 521 | 8 | |a Určeno pro odbornou veřejnost, učitele a studenty | |
| 546 | |a Část. anglický, polský a slovenský text, anglická resumé | ||
| 650 | 0 | 7 | |a podpora zdraví |7 ph134973 |2 czenas |
| 650 | 0 | 7 | |a zdravý životní styl |7 ph127592 |2 czenas |
| 650 | 0 | 7 | |a výchova ke zdraví |7 ph127426 |x psychologické aspekty |2 czenas |
| 650 | 0 | 7 | |a výchova ke zdraví |7 ph127426 |x sociální aspekty |2 czenas |
| 650 | 0 | 9 | |a health promotion |2 eczenas |
| 650 | 0 | 9 | |a healthy lifestyle |2 eczenas |
| 650 | 0 | 9 | |a health education |x psychological aspects |2 eczenas |
| 650 | 0 | 9 | |a health education |x social aspects |2 eczenas |
| 655 | 7 | |a sborníky konferencí |7 fd133333 |2 czenas | |
| 655 | 9 | |a proceedings of conferences |2 eczenas | |
| 700 | 1 | |a Kopecký, Miroslav |7 ola2004231482 |4 edt | |
| 700 | 1 | |a Kikalová, Kateřina, |d 1968- |7 xx0154794 |4 edt | |
| 700 | 1 | |a Tomanová, Jitka |7 xx0121554 |4 edt | |
| 710 | 2 | |a Univerzita Palackého. |b Pedagogická fakulta |7 kn20010709375 | |
| 810 | 2 | |a Univerzita Palackého. |t Sborníky |0 s | |
| 856 | 4 | 1 | |u http://www.digitalniknihovna.cz/mzk/uuid/uuid:4cefb6e0-8f9b-11e6-9325-005056827e52 |y Digitalizovaný dokument |x NDK |
| 910 | 2 | |a BOA001 |b 2-1311.034 | |
| 990 | |a BK | ||
| 995 | |a 01 | ||
| 991 | |b 201309 |c NOV |e n | ||
| 996 | 6 | |b 2610562118 |c 2-1311.034 |l MZK |r Sklad / do 1 hodiny |n 7 |p p.v. |w 001359715 |u 000010 |a 1 |e BOA001 |j MZK50 |s P | |
English
Čeština 